000
00291nam a22001217a 4500
008
180919b xxu||||| |||| 00| 0 eng d
041
_a
eng
080
_a
338
100
_a
54
101
_a
MAN
245
_a
Operations Research For Management Decisions
_c
Richmond,S,B
942
_2
udc
_c
BK
999
_c
48005
_d
48005